| 000 | 01089nas a2200349 4500 | ||
|---|---|---|---|
| 001 | BR2015002537 | ||
| 003 | BR-BrBNA | ||
| 005 | 20231205125313.0 | ||
| 007 | ta | ||
| 008 | 230509b bl.|||p| |||| 00| 00por d | ||
| 040 |
_aBR-BrBNA _bpor _cBiblioteca Nacional de Agricultura |
||
| 041 | _a(En) | ||
| 072 | _aQ03 | ||
| 100 | 1 | _aFerreira, A.A. | |
| 100 | 1 | _aTette, P.A.S. | |
| 100 | 1 | _aMendonça, R.C.S. | |
| 100 | 1 | _aSoares, A. de S. | |
| 100 | 1 | _aCarvalho, M.M. de | |
| 110 | 1 | _a | |
| 245 | 1 | _aDetection of exopolysaccharide production and biofilm-related genes in Staphylococcus spp. isolated from a poultry processing plant | |
| 650 | _aCARNE | ||
| 650 | _aAVE DOMESTICA | ||
| 650 | _aCONTAMINACAO | ||
| 650 | _aBIOFILME | ||
| 650 | _aBACTERIA | ||
| 650 | _aGENE | ||
| 650 | _aSTAPHYLOCOCCUS AUREUS | ||
| 773 | 0 |
_tCiência e Tecnologia de Alimentos (Brazil) _xISSN 1678-457X _g(Oct-Dec 2014), v. 34(4) p. 710-716 _wBR2015002537 |
|
| 856 | 4 | 0 | _uhttp://www.scielo.br/pdf/cta/v34n4/v34n4a10.pdf |
| 909 |
_a202311 _bLúcia _c55 _dLúcia Elande |
||
| 942 |
_2AGRIS _n0 _cANA |
||
| 999 |
_c243704 _d243704 |
||